Logo BPK

Biblioteka

Politechniki Koszalińskiej

Niedersachsen literarisch : (Rekord nr 50318)

Szczegóły MARC
000 -ETYKIETA REKORDU
podpole kontrolne o stałej długości 00970nam a2200241 i 4500
001 - NUMER KONTROLNY REKORDU
pole kontrolne bgj
020 ## - MIĘDZYNARODOWY ZNORMALIZOWANY NUMER KSIĄŻKI - ISBN
ISBN 3883140031
040 ## - ŹRÓDŁO KATALOGOWANIA
Instytucja, która utworzyła rekord BPK
041 0# - KOD JĘZYKA
Kod języka tekstu ger
044 ## - KOD KRAJU WYDAWCY/PRODUCENTA
Kod kraju wydawcy/producenta DEU
080 ## - UNIWERSALNA KLASYFIKACJA DZIESIĘTNA - UKD
UKD 821.112.2
920 ## - Międzynarodowy znormalizowany numer książki – ISBN
ISBN 3-88314-003-1
008 - POLE O STAŁEJ DŁUGOŚCI - DANE KONTROLNE
podpole kontrolne o stałej długości s gw f |000 0 ger
245 10 - TYTUŁ/ODPOWIEDZIALNOŚĆ
Tytuł Niedersachsen literarisch :
Ciąg dalszy tytułu bio-bibliographische Daten und Texte von 65 Autoren aus Niedersachsen.
Pozostałe elementy strefy tytułu i oznaczenia odpowiedzialności hrsg. von D. P. Meier-Lenz und Kurt Morawietz im Auftrag des Fördererkreises deutscher Schriftsteller in Niedersachsen und Bremen e. V., Hannover, mit Unterstützung des Niedersächsischen Ministeriums für Wissenschaft und Kunst ; Red. Johann P. Tammen.
260 ## - STREFA ADRESU WYDAWNICZEGO
Miejsce wydania Bremerhaven :
Nazwa wydawcy/dystrybutora Wirtschaftsverlag,
Data publikacji, dystrybucji/powstania dokumentu 1978.
300 ## - STREFA OPISU FIZYCZNEGO
Objętość 319 s. :
Inne cechy fizyczne il. ;
Rozmiary 21 cm.
650 9# - HASŁO PRZEDMIOTOWE W FORMIE NAZWY OGÓLNEJ LUB JEDNOSTKOWEJ
Nazwa ogólna lub geograficzna Literatura niemiecka
700 1# - HASŁO DODATKOWE - NAZWA OSOBOWA
Nazwa osobowa MEIER-LENZ, D. P.
700 1# - HASŁO DODATKOWE - NAZWA OSOBOWA
Nazwa osobowa MORAWIETZ, Kurt.
700 1# - HASŁO DODATKOWE - NAZWA OSOBOWA
Nazwa osobowa TAMMEN, Johann P.
710 1# - HASŁO DODATKOWE - NAZWA CIAŁA ZBIOROWEGO
Nazwa ciała zbiorowego lub jednostki geograficznej Niedersächsichen Ministeriums für Wissenschaft und Kunst.
856 ## - LOKALIZACJA I DOSTĘP DO ELEKTRONICZNYCH DOKUMENTÓW ZDALNYCH
Link (URL) http://koha.tu.koszalin.pl/cgi-bin/koha/opac-detail.pl?biblionumber=50318
Tekst linku Katalog online BPK
942 ## - DODATKOWE ELEMENTY (KOHA)
Typ dokumentu Książka
Egzemplarze
Wycofany Status egzemplarza Uszkodzony Dostępność Lokalizacja stała Lokalizacja bieżąca Miejsce przechowywania Sygnatura Kod kreskowy Typ dokumentu
      Tylko na miejscu Biblioteka Politechniki Koszalińskiej Biblioteka Politechniki Koszalińskiej Czytelnia Wydziałowa ul. Kwiatkowskiego 6e N 210 02121802 Książka
© 2023 Biblioteka Politechniki Koszalińskiej :: KOHA